|
|
|
|
| LEADER |
00727nab a2200181 i 4500 |
| 001 |
misc73686 |
| 005 |
20241018123222.0 |
| 008 |
240201s1930 hu o 000 eng d |
| 040 |
|
|
|a SZTE Miscellanea Repozitórium
|b hun
|
| 041 |
|
|
|a eng
|
| 100 |
2 |
|
|a Szent-Györgyi Albert
|
| 245 |
1 |
3 |
|a On the mechanism of biological oxidation and the function of the suprarenal gland
|h [elektronikus dokumentum] /
|c Szent-Györgyi Albert
|
| 260 |
|
|
|a The Science Press
|b New York
|c 1930-08-01
|
| 300 |
|
|
|a 125-126
|
| 490 |
0 |
|
|a Science
|v 72 No. 1857
|
| 561 |
|
|
|a Szent-Györgyi Albert tudományos és egyéb írásai
|
| 695 |
|
|
|a Sejtlégzés - biológiai oxidáció
|
| 856 |
4 |
0 |
|u http://misc.bibl.u-szeged.hu/73686/1/szgya_magyar_039.pdf
|z Dokumentum-elérés
|